Náprava vozidla VW E-up Boost
Uložené v:
| Hlavný autor: | |
|---|---|
| Ďalší autori: | |
| Médium: | Rukopis Kniha |
| Jazyk: | Slovak |
| Vydavateľské údaje: |
2020
|
| Predmet: | |
| On-line prístup: | http://is.stuba.sk/zp/portal_zp.pl?podrobnosti=151034 |
| Tagy: |
Žiadne tagy, Buďte prvý, kto otaguje tento záznam!
|
MARC
| LEADER | 00000ntm a22000003a 4500 | ||
|---|---|---|---|
| 001 | stuzp81426 | ||
| 003 | SK-STU | ||
| 005 | 20200711211146.6 | ||
| 007 | ta | ||
| 008 | 150427s2015----xo-----f-mn---000-0-slo-d | ||
| 040 | |a STU |b slo | ||
| 041 | 0 | |a slo | |
| 100 | 1 | |a Krjak, Igor |u 020030 |4 aut |U SjF Strojnícka fakulta |T SjF Ústav dopravnej techniky a konštruovania |X 87518 |U J0030 |Y 806 |7 87518 | |
| 242 | 0 | 1 | |a Vehicle axle of VW E-UP Boost |y eng |
| 245 | 1 | 0 | |a Náprava vozidla VW E-up Boost |
| 260 | |c 2020 | ||
| 650 | 4 | |a Suspension |2 eng | |
| 650 | 4 | |a Simulation |2 eng | |
| 650 | 4 | |a VW E-UP Boost |2 eng | |
| 650 | 4 | |a Adams Car |2 eng | |
| 650 | 4 | |a CATIA V5 |2 eng | |
| 650 | 4 | |a VW E-UP Boost |2 slo | |
| 650 | 4 | |a Náprava |2 slo | |
| 650 | 4 | |a CATIA V5 |2 slo | |
| 650 | 4 | |a Simulácia |2 slo | |
| 650 | 4 | |a Adams Car |2 slo | |
| 700 | 1 | |a Bucha, Jozef |u 020030 |k Z1 |4 ths |U SjF Strojnícka fakulta |T SjF Ústav dopravnej techniky a konštruovania |X 70878 |U J0030 |Y 806 |7 A000070878 | |
| 856 | 4 | |u http://is.stuba.sk/zp/portal_zp.pl?podrobnosti=151034 | |